Statistiken für Fußballmannschaft an 3 Spielern erkennen

Klicken Sie hier um das Quiz zu spielen!

Allgemein

  • Dieses Quiz wurde 439 mal gespielt
  • Das Durchschnittsergebnis liegt bei 15 aus 20

Antwortstatistiken

SpielerMannschaft% Korrekt
Kane, Gnabry, Min-JaeBayern München
99%
Gündogan, Lewandowski, GaviBarcelona
96%
Füllkrug, Nmecha, BensebainiBorussia Dortmund
96%
Foden, Ake, EdersonManchester City
89%
Modric, Güler, KroosReal Madrid
86%
Rice, Havertz, SakaArsenal
84%
Kolo Muani, Hakimi, MarquinhosParis Saint-Germain
83%
Waldschmidt, Selke, Kainz1. FC Köln
82%
Becker, Bonucci, KhediraUnion Berlin
81%
Simons, Openda, SimakanRB Leipzig
78%
Sommer, Pavard, ThuramInter Mailand
77%
Kwarazchelia, Lindstrøm, OsimhenSSC Neapel
77%
Nkunku, Cucurella, CaicedoChelsea
75%
Gravenberch, Mac Allister, GakpoLiverpool
73%
Onisiwo, Bell, CaciMainz 05
63%
Mertens, Muslera, OliveiraGalatasaray
61%
Trippier, Isak, KariusNewcastle United
59%
Schallenberg, Lasme, PolterFC Schalke 04
58%
Fofana, Mane, LaporteAl-Nassr
54%
Demen, Njanmah, StageWerder Bremen
53%

Verteilung der Resultate

Perzentil nach korrekt beantworteten Fragen

Anzahl Personen mit jedem Resultat

Ihre Resultats-Entwicklung

Sie haben dieses Quiz noch nicht gespielt